BIBLIOTECA

SENCICO

Interiores Zen (Registro nro. 2582)

Detalles MARC
000 -LEADER
fixed length control field 00581nam a2200217Ia 4500
005 - DATE AND TIME OF LATEST TRANSACTION
control field 20251020182547.0
008 - FIXED-LENGTH DATA ELEMENTS--GENERAL INFORMATION
fixed length control field 200515s9999 xx 000 0 und d
082 ## - DEWEY DECIMAL CLASSIFICATION NUMBER
Classification number 747:740.82/L37
100 ## - MAIN ENTRY--PERSONAL NAME
Personal name LEE, Vinny
245 #0 - TITLE STATEMENT
Title Interiores Zen
260 ## - PUBLICATION, DISTRIBUTION, ETC.
Place of publication, distribution, etc. Barcelona
260 ## - PUBLICATION, DISTRIBUTION, ETC.
Date of publication, distribution, etc. 2001
300 ## - PHYSICAL DESCRIPTION
Extent 160
500 ## - GENERAL NOTE
General note tampoco de espacios vacíos, sino despejados
520 ## - SUMMARY, ETC.
Summary, etc. El estilo del Zen tiende a la reducción: no se trata de líneas frías sino suaves
650 ## - SUBJECT ADDED ENTRY--TOPICAL TERM
Topical term or geographic name entry element DECORACION
650 ## - SUBJECT ADDED ENTRY--TOPICAL TERM
Topical term or geographic name entry element DECORACION DE INTERIORES
650 ## - SUBJECT ADDED ENTRY--TOPICAL TERM
Topical term or geographic name entry element LIB
650 ## - SUBJECT ADDED ENTRY--TOPICAL TERM
Topical term or geographic name entry element ZEN
942 ## - ADDED ENTRY ELEMENTS (KOHA)
Koha item type Libros
Existencias
Fecha de la última vez que lo usaron Pago total Signatura topográfica completa Código de barras Precio efectivo desde Tipo de documento Estado perdido Estado dañado No es para préstamo Retirado Ubicación permanente Ubicación actual Fecha de adquisición
15/05/2020   747:740.82/L37 Bib-Lima15052582 15/05/2020 Libros         Biblioteca Central Lima Biblioteca Central Lima 15/05/2020